01573cam a2200337 a 45000010009000000050017000090080041000260100017000670200016000840200018001000400018001180420009001360820021001451000026001662450060001922600038002523000021002905200267003116500067005786500071006456500066007166500098007826500029008806500027009096500035009366510029009716530019010009420012010199990017010319520187010481477972820110322104146.0070322s2007 nyua j 000 1 eng  a 2007925449 a00747591067 a9780747591061 aDLCcDLCdDLC alcac00a823.914222bROW1 aRowling, J. K.92282710aHarry Potter and the Deathly Hallows /cby J.K. Rowling aLondon :bBloomsBury, 2007c2007. a607 p. ;c24 cm. aBurdened with the dark, dangerous, and seemingly impossible task of locating and destroying Voldemort's remaining Horcruxes, Harry, feeling alone and uncertain about his future, struggles to find the inner strength he needs to follow the path set out before him. 0aPotter, Harry (Fictitious character)vJuvenile fiction.922828 0aGranger, Hermione (Fictitious character)vJuvenile fiction.922829 0aWeasley, Ron (Fictitious character)vJuvenile fiction.922830 0aHogwarts School of Witchcraft and Wizardry (Imaginary organization)vJuvenile fiction.922831 1aWizardsvFiction.922832 1aMagicvFiction.922833 1aComing of agevFiction.922834 1aEnglandvFiction.922835 bENGcApril2011 2ddccBB c15058d15058 00102ddc40708AUCaMAINbMAINcGroup Study Roomsd2011-04-04epurchaseg90.00l10m54o823.914 ROWp000027907r2025-07-15 00:00:00s2023-11-01v180.00yBBzRoom (G) - J.K. Rowling